000 00846nas a2200265 4500
001 BR0200125
003 BR-BrBNA
005 20231205102724.0
007 ta
008 230509b bl.|||p| |||| 00| 00por d
040 _aBR-BrBNA
_bpor
_cBiblioteca Nacional de Agricultura
041 _a(Pt)
072 _aM12
100 1 _aHartz, S.M.
100 1 _aSilveira, C.M.
100 1 _aCarvalho, S. de
100 1 _aVillamil, C.
245 1 _aAlimentação da piava, Leporinus obtusidens (Characiformes, Anostomidae), no Lago Guaíba, Porto Alegre, Rio Grande do Sul, Brasil
650 _aPIABA
650 _aNUTRIÇÃO ANIMAL
650 _aRIO GRANDE DO SUL
773 0 _tPesquisa Agropecuária Gaúcha (Brazil)
_xISSN 0104-9070
_g(2000), v. 6(1) p. 145-150
_wBR0200125
909 _a202311
_bLúcia
_c55
_dLúcia Elande
942 _2AGRIS
_n0
_cANA
999 _c168987
_d168987